000 00793nam a22002537a 4500
005 20150310145847.0
010 _aBAC-EN21 ENG-111773
020 _a9789381292525
_c350.00
035 _aEN-95305
035 _aB-593266-291
037 _bUBH/Ven
_adpl
037 _bDBAD/PUB
082 _a344.54046
100 _aTripathi, S.C.
245 _aEnvironmental law /
_cby S.C. Tripathi [and] Vibha Arora
250 _a5th ed
260 _aAllahabad
_bCentral Law Publications
_c2013(repr.)
270 _a148, Hewett Road
_bAllahabad
300 _aIvi,636p.
_c24cm(pbk)
500 _aIncludes index
700 _aArora, Vibha
942 _2ddc
_cEN
_mTRI
_h344.54046
999 _c89358
_d89358